Практика службы подвижного состава и тяги; Отдел 4: Мастерские Большого ремонта. Выпуск 1-й: Паровозные мастерские

التفاصيل البيبلوغرافية
المؤلف الرئيسي: Демчинский Н.
الملخص:Текст в русской дореформенной орфографии
اللغة:الروسية
منشور في: Санкт-Петербург, Типография Министерства Путей Сообщения, 1881
الموضوعات:
التنسيق: كتاب
KOHA link:https://koha.lib.tpu.ru/cgi-bin/koha/opac-detail.pl?biblionumber=314658

MARC

LEADER 00000nam0a2200000 4500
001 314658
005 20231102002711.0
035 |a (RuTPU)RU\TPU\book\340080 
090 |a 314658 
100 |a 20160218d1881 km y0rusy50 ca 
101 0 |a rus 
102 |a RU 
105 |a a z 001zy 
200 1 |a Практика службы подвижного состава и тяги  |h Отдел 4: Мастерские Большого ремонта. Выпуск 1-й: Паровозные мастерские  |f Н. Демчинский, инженер 
210 |a Санкт-Петербург  |c Типография Министерства Путей Сообщения  |d 1881 
215 |a IV, 155 с.  |c табл., черт. 
300 |a Текст в русской дореформенной орфографии 
316 |5 63413507: М-132442  |a На переднем форзаце и далее владельческий штамп: "Из книг инж. И. Н. Бутакова" 
316 |5 63413507: М-132442  |a На переднем форзаце владельческая подпись: "Бутаков" 
316 |5 63413507: М-132442  |a На титульном листе владельческая подпись: "Ин. Бутаков" 
317 |5 63413507: М-132442  |a Поступила в НТБ в 1970 г. в составе книжного собрания профессора ТПИ И. Н. Бутакова 
320 |a Приложение: с. 145-155 
606 1 |a Железнодорожные здания и постройки  |2 stltpush  |3 (RuTPU)RU\TPU\subj\10404  |9 37484 
610 1 |a железнодорожные мастерские 
610 1 |a паровозы 
610 1 |a ремонт 
610 1 |a оборудование 
610 1 |a размеры мастерских 
610 1 |a расположение 
610 1 |a освещение 
610 1 |a отопление 
610 1 |a тарифы 
610 1 |a паровые котлы 
610 1 |a паровые машины 
610 1 |a правила ухода 
610 1 |a владельческая надпись 
610 1 |a владельческие знаки 
610 1 |a библиотека И. Н. Бутакова 
675 |a 625.16  |v 4 
700 1 |a Демчинский  |b Н. 
801 1 |a RU  |b 63413507  |c 20160218 
801 2 |a RU  |b 63413507  |c 20190730  |g RCR 
942 |c BK